<?xml version="1.0" encoding="UTF-8"?>
<collection xmlns="http://www.loc.gov/MARC21/slim">
 <record>
  <leader>00914nab a2200229 i 4500</leader>
  <controlfield tag="001">misc65299</controlfield>
  <controlfield tag="005">20240913082238.0</controlfield>
  <controlfield tag="008">230828s1955    hu      o     000   pol d</controlfield>
  <datafield tag="040" ind1=" " ind2=" ">
   <subfield code="a">SZTE Miscellanea Repozitórium</subfield>
   <subfield code="b">hun</subfield>
  </datafield>
  <datafield tag="041" ind1=" " ind2=" ">
   <subfield code="a">pol</subfield>
  </datafield>
  <datafield tag="100" ind1="1" ind2=" ">
   <subfield code="a">Zajączkowski Ananiasz</subfield>
  </datafield>
  <datafield tag="245" ind1="1" ind2="0">
   <subfield code="a">Na międzynarodowym kongresie orientalistów w Cambridge </subfield>
   <subfield code="h">[elektronikus dokumentum] :</subfield>
   <subfield code="b">23rd International Congress of Orienralists, Cambridge, 21-28. VIII. 1954 /</subfield>
   <subfield code="c"> Zajączkowski Ananiasz</subfield>
  </datafield>
  <datafield tag="260" ind1=" " ind2=" ">
   <subfield code="c">1955</subfield>
  </datafield>
  <datafield tag="300" ind1=" " ind2=" ">
   <subfield code="a">[11] p.</subfield>
   <subfield code="c">24 cm</subfield>
  </datafield>
  <datafield tag="490" ind1="0" ind2=" ">
   <subfield code="a">Przegląd Orientalistyczny</subfield>
  </datafield>
  <datafield tag="561" ind1=" " ind2=" ">
   <subfield code="a">Németh Gyula hagyaték</subfield>
  </datafield>
  <datafield tag="591" ind1=" " ind2=" ">
   <subfield code="a">NOA 6507</subfield>
  </datafield>
  <datafield tag="650" ind1=" " ind2="4">
   <subfield code="a">Bölcsészettudományok</subfield>
  </datafield>
  <datafield tag="650" ind1=" " ind2="4">
   <subfield code="a">Nyelvek és irodalom</subfield>
  </datafield>
  <datafield tag="695" ind1=" " ind2=" ">
   <subfield code="a">Keletkutatás - konferencia - beszámoló</subfield>
  </datafield>
  <datafield tag="710" ind1=" " ind2=" ">
   <subfield code="a">International Congress of Orienralists (23.) (1954) (Cambridge)</subfield>
  </datafield>
  <datafield tag="856" ind1="4" ind2="0">
   <subfield code="u">http://misc.bibl.u-szeged.hu/65299/1/6507_noa.pdf</subfield>
   <subfield code="z">Dokumentum-elérés </subfield>
  </datafield>
 </record>
</collection>
